[Event "Druzynowe Mistrzostwa Polski - Ekstraliga 2023"]
[Site "Lublin"]
[Date "1899-12-30"]
[Round "9.11"]
[White "Gumularz, Szymon"]
[Black "Pultinevicius, Paulius"]
[Result "1/2-1/2"]
[WhiteTitle "GM"]
[BlackTitle "GM"]
[WhiteElo "2587"]
[BlackElo "2572"]

1. d4 Nf6 2. c4 e6 3. g3 d5 4. Bg2 Bb4+ 5. Nd2 O-O 6. Ngf3 b6 7. O-O Bb7 8. b3
c5 9. Bb2 Nc6 10. Rc1 cxd4 11. Nxd4 Rc8 12. Nxc6 Bxc6 13. cxd5 Nxd5 14. Nc4 Bc5
15. a3 Qg5 16. b4 Be7 17. h4 Qh6 18. Ne5 Ba8 19. Rxc8 Rxc8 20. e4 Nf6 21. Qd3
Rd8 22. Qa6 Qd2 23. Qxa7 Kf8 24. Nc4 Qe2 25. Bxf6 gxf6 26. Nxb6 Bxe4 27. Bxe4
Qxe4 28. Nd7+ Ke8 29. Nc5 Qa8 30. Qxa8 Rxa8 31. Ra1 Bxc5 32. bxc5 Kd7 33. Rd1+
Kc7 34. Rd4 f5 35. a4 Kc6 36. Kg2 h5 37. Rb4 Ra7 38. Rb8 Kxc5 39. Rh8 Kd6 40.
Rxh5 Ke7 41. Rh8 Rxa4 42. Rg8 Kf6 43. f3 Ra2+ 44. Kh3 Ra1 45. g4 Rh1+ 46. Kg3
f4+ 47. Kxf4 Rxh4 48. Ke4 Ke5+ 1/2-1/2

[Event "Druzynowe Mistrzostwa Polski - Ekstraliga 2023"]
[Site "Lublin"]
[Date "1899-12-30"]
[Round "9.12"]
[White "Buksa, Nataliya"]
[Black "Zawadzka, Jolanta"]
[Result "1-0"]
[WhiteTitle "IM"]
[BlackTitle "WGM"]
[WhiteElo "2352"]
[BlackElo "2347"]

1. e4 e5 2. Nf3 Nc6 3. Bc4 Nf6 4. d3 Bc5 5. Nc3 h6 6. a3 a6 7. Be3 d6 8. Bxc5 dxc5
9. Nd5 Be6 10. Ne3 Qd7 11. Qd2 Bxc4 12. Nxc4 Qe6 13. Qc3 Nd7 14. b4 O-O 15. bxc5
Nxc5 16. Ncxe5 Na4 17. Qb3 Nxe5 18. Qxa4 Nxf3+ 19. gxf3 c5 20. Qb3 Qf6 21. Ke2
b5 22. Rab1 Rfd8 23. Rhd1 Rd6 24. a4 b4 25. a5 Rad8 26. Qb2 Rd4 27. Qa1 Qd6 28.
Rbc1 f5 29. Rg1 Qf4 30. Rcd1 g5 31. Qc1 Qd6 32. Rxg5+ hxg5 33. Qxg5+ Kf7 34. Rg1
Rf8 35. Qg7+ Ke8 36. Rg6 Qe7 37. Qh6 fxe4 38. Re6 exd3+ 39. cxd3 Rf7 40. Kd2 Kd7
41. Rxe7+ Rxe7 42. Qxa6 Ke8 43. Qc8+ Kf7 44. Qxc5 Red7 45. Ke2 R7d5 46. Qc2 Rd6
47. Qc8 Kg7 48. a6 Rd7 49. Qc5 Rxd3 50. Qg5+ Kh8 51. Qh6+ 1-0

[Event "Druzynowe Mistrzostwa Polski - Ekstraliga 2023"]
[Site "Lublin"]
[Date "1899-12-30"]
[Round "9.13"]
[White "Van Foreest, Jorden"]
[Black "Navara, David"]
[Result "1/2-1/2"]
[WhiteTitle "GM"]
[BlackTitle "GM"]
[WhiteElo "2699"]
[BlackElo "2688"]

1. e4 e5 2. Nf3 Nc6 3. Bb5 Nf6 4. d3 Bc5 5. Be3 Bxe3 6. fxe3 Ne7 7. Nc3 c6 8. Bc4
d6 9. Bb3 Be6 10. Bxe6 fxe6 11. Qe2 Ng6 12. O-O-O Qe7 13. h3 O-O-O 14. g4 Rhf8
15. g5 Nh5 16. Rhg1 Qe8 17. Kb1 Kb8 18. a4 Ne7 19. d4 exd4 20. Nxd4 Ng8 21. Qg4
e5 22. Ne6 Ngf6 23. gxf6 Nxf6 24. Nxg7 Nxg4 25. Nxe8 Nf2 26. Rxd6 Rfxe8 27. Rxd8+
Rxd8 28. h4 a5 29. Kc1 h5 30. Rg5 Ng4 31. Rxh5 Nxe3 32. Rxe5 Rf8 33. Rg5 Rf2 34.
Rg3 Rf1+ 35. Kd2 Nc4+ 36. Ke2 Rh1 37. b3 Ne5 38. Rg5 Rh2+ 39. Ke3 Rh3+ 40. Kf4
Nd7 41. Ne2 Rxh4+ 42. Ke3 Rh3+ 43. Kd4 Rh2 44. Kd3 Kc7 45. Rxa5 Kb6 46. b4 c5
47. Ke3 Rh3+ 48. Kf4 Rh2 49. Nc3 cxb4 50. Rb5+ Ka7 51. Rxb4 Rxc2 52. Rd4 Rf2+
53. Ke3 Rf7 54. Rd6 b6 55. Nd5 Ka6 56. Kd4 Ka5 57. Rh6 Rg7 58. Re6 Nc5 59. Re5
Nxe4 60. Rxe4 Kxa4 61. Nxb6+ Kb5 62. Nd5 Rg1 63. Re2 Rg4+ 64. Ke5 Rg5+ 65. Ke4
Rg4+ 66. Kf5 Rh4 67. Nf4 Rh8 68. Ke5 Re8+ 69. Ne6 Rh8 70. Rc2 Rh5+ 71. Kd6 Rh6
72. Rc1 Kb4 73. Rf1 Kc4 74. Ke5 Rh5+ 75. Ke4 Rh4+ 76. Nf4 Rg4 77. Rh1 Kc5 78.
Rc1+ Kd6 79. Kf5 Rh4 80. Rd1+ Kc5 81. Ke5 Kb5 82. Rc1 Rh2 83. Rc3 Rh8 84. Rc2
Rh4 85. Nd3 Rh5+ 86. Kd6 Rh6+ 87. Kd5 Rh5+ 88. Ne5 Kb4 89. Rc1 1/2-1/2

[Event "Druzynowe Mistrzostwa Polski - Ekstraliga 2023"]
[Site "Lublin"]
[Date "1899-12-30"]
[Round "9.14"]
[White "Tari, Aryan"]
[Black "Sargissian, Gabriel"]
[Result "1/2-1/2"]
[WhiteTitle "GM"]
[BlackTitle "GM"]
[WhiteElo "2635"]
[BlackElo "2692"]

1. e4 e5 2. Nf3 Nc6 3. Bc4 Nf6 4. d3 Bc5 5. Nc3 h6 6. h3 a6 7. a4 d6 8. Be3 Bxe3
9. fxe3 Be6 10. Nd2 O-O 11. O-O Na5 12. Bd5 c5 13. b3 Nc6 14. Nc4 Nb4 15. Bxb7
Ra7 16. Bd5 Nfxd5 17. exd5 Nxd5 18. Nxd5 1/2-1/2

[Event "Druzynowe Mistrzostwa Polski - Ekstraliga 2023"]
[Site "Lublin"]
[Date "1899-12-30"]
[Round "9.15"]
[White "Tomczak, Jacek"]
[Black "Piorun, Kacper"]
[Result "1-0"]
[WhiteTitle "GM"]
[BlackTitle "GM"]
[WhiteElo "2591"]
[BlackElo "2594"]

1. e4 c5 2. Nf3 Nc6 3. Bb5 a6 4. Bxc6 dxc6 5. O-O Qc7 6. a4 e5 7. a5 Ne7 8. d3
Ng6 9. Be3 f6 10. Nfd2 Be6 11. Nc3 Bd6 12. Na4 Qe7 13. c4 O-O 14. Nb3 f5 15. exf5
Bxf5 16. Naxc5 Nf4 17. Ne4 Rad8 18. Qc2 Qf7 19. f3 Qg6 20. Bxf4 exf4 21. Qf2 Bc7
22. Rfd1 Bc8 23. d4 Rf5 24. Rac1 Qf7 25. Qc2 Qe7 26. d5 Be5 27. dxc6 bxc6 28.
Rxd8+ Qxd8 29. Rd1 Qc7 30. Qd2 Rf8 31. Nbc5 Qf7 32. Qe2 Qe7 33. Rd2 g5 34. b4
h5 35. Nf2 Qg7 36. Qe4 g4 37. Qxc6 g3 38. Qd5+ Kh7 39. hxg3 fxg3 40. Nfe4 Bf4
41. Qxh5+ Kg8 42. Rd1 Bf5 43. Qh4 Qe5 44. Kf1 Bc8 45. Rd8 Kg7 46. Nd3 Qa1+ 47.
Ne1 Rxd8 48. Qxd8 Bf5 49. Nxg3 Bxg3 50. Qg5+ Kh8 51. Qxg3 Bd3+ 52. Kg1 Bxc4 53.
Qh4+ Kg7 54. Qxc4 Qxe1+ 55. Kh2 Qe5+ 56. Kh3 Qh5+ 57. Qh4 Qb5 58. Qe7+ Kh8 59.
Kh4 Qc4+ 60. Qe4 Qf1 61. f4 Kg7 62. Kg5 Kf7 63. Qd5+ Ke7 64. g4 Kf8 65. Kg6 1-0

[Event "Druzynowe Mistrzostwa Polski - Ekstraliga 2023"]
[Site "Lublin"]
[Date "1899-12-30"]
[Round "9.16"]
[White "Socko, Bartosz"]
[Black "Laurusas, Tomas"]
[Result "1/2-1/2"]
[WhiteTitle "GM"]
[BlackTitle "GM"]
[WhiteElo "2538"]
[BlackElo "2550"]

1. e4 e5 2. Nf3 Nf6 3. d4 Nxe4 4. Bd3 d5 5. Nxe5 Nd7 6. Nxd7 Bxd7 7. O-O Bd6 8.
Nc3 Nxc3 9. bxc3 O-O 10. Qh5 f5 11. Rb1 b6 12. Re1 c6 13. c4 Qc7 14. h3 Rae8 15.
Bg5 h6 16. Bd2 Bh2+ 17. Kh1 Bf4 18. Bb4 Bd6 19. Bd2 Bf4 20. Bb4 Bd6 21. Rxe8 Bxe8
22. Qf3 dxc4 23. Bxc4+ Bf7 24. Bxf7+ Rxf7 25. c3 c5 26. dxc5 Bxc5 27. Rd1 a5 28.
Bxc5 Qxc5 29. a4 Qc4 30. Rd4 Qe6 31. Rf4 Rf6 32. Kh2 Qe5 33. g3 Qc5 34. Rd4 Qe5
35. Kg2 Kh7 36. Qd3 Qe6 37. h4 Qc6+ 38. Kh2 Qc5 39. h5 Kh8 40. Kg1 Rf8 41. Rd5
Qc6 42. Qd4 Re8 43. Kh2 Re4 44. Qd3 Qe6 45. c4 Kh7 46. Kg2 Qc8 47. Rd8 Qc5 48.
Qf3 Rxc4 49. Rd5 Qc8 50. Rxf5 Qe6 51. Rf4 Rxf4 52. Qxf4 b5 53. axb5 Qd5+ 54. Qf3
Qxb5 55. Qe4+ Kg8 56. Qe6+ Kh8 57. Qc8+ Kh7 58. Qc2+ Kg8 59. Qc8+ Kf7 60. Qc7+
1/2-1/2

[Event "Druzynowe Mistrzostwa Polski - Ekstraliga 2023"]
[Site "Lublin"]
[Date "1899-12-30"]
[Round "9.17"]
[White "Kantans, Toms"]
[Black "Janik, Igor"]
[Result "1-0"]
[WhiteTitle "GM"]
[BlackTitle "GM"]
[WhiteElo "2487"]
[BlackElo "2517"]

1. e4 c6 2. d4 d5 3. e5 Bf5 4. Nd2 e6 5. Nb3 Nd7 6. Nf3 Ne7 7. Be2 h6 8. O-O Bh7
9. a4 Nf5 10. a5 a6 11. Bd2 Be7 12. c4 dxc4 13. Bxc4 O-O 14. Rc1 Re8 15. Qe2 Nf8
16. Rfd1 Qd7 17. g3 Rad8 18. Bc3 Qc7 19. h4 Nd7 20. h5 Bf8 21. g4 Ne7 22. Bd2
Kh8 23. Nh4 Nd5 24. Qf3 Be7 25. Qg3 Nf8 26. Nf3 f6 27. Re1 Rd7 28. Kh2 Qd8 29.
Re2 Rc7 30. Rce1 fxe5 31. dxe5 Bg8 32. g5 hxg5 33. Nxg5 Nh7 34. Nf3 Bf7 35. Rg1
Rg8 36. Qh3 c5 37. Re4 Qe8 38. Bg5 Bxh5 39. Bxe7 Rxe7 40. Ng5 Rf8 41. Rh4 g6 42.
Ne4 Rf5 43. Nbxc5 Qc6 44. b4 Nxb4 45. Qb3 Nd5 46. Nd3 Ref7 47. Bxd5 exd5 48. Nd6
Rxf2+ 49. Nxf2 Rxf2+ 50. Rg2 Rxg2+ 51. Kxg2 d4+ 52. Kf2 Qc1 53. Rxd4 Ng5 54. Qe3
Nh3+ 55. Qxh3 Qb2+ 56. Ke3 Qc1+ 57. Ke4 Qc2+ 58. Kd5 Qa2+ 59. Rc4 1-0

[Event "Druzynowe Mistrzostwa Polski - Ekstraliga 2023"]
[Site "Lublin"]
[Date "1899-12-30"]
[Round "9.18"]
[White "Socko, Monika"]
[Black "Antolak, Julia"]
[Result "1/2-1/2"]
[WhiteTitle "GM"]
[BlackTitle "WGM"]
[WhiteElo "2392"]
[BlackElo "2299"]

1. d4 Nf6 2. c4 e6 3. Nf3 Bb4+ 4. Nbd2 Be7 5. e4 d5 6. e5 Nfd7 7. Bd3 c5 8. O-O
Nc6 9. Qe2 a5 10. Rd1 Qc7 11. cxd5 exd5 12. Nf1 Nf8 13. dxc5 Ne6 14. Bb5 O-O 15.
Rxd5 Bxc5 16. Be3 Bxe3 17. fxe3 Qb6 18. Bxc6 bxc6 19. Rd2 Ba6 20. Qf2 Rad8 21.
Rad1 Rxd2 22. Rxd2 Nc5 23. Qh4 Nd3 24. Qe4 Qb5 25. Ng3 Qb4 26. Qxb4 axb4 27. Ne4
c5 28. b3 h6 29. Nf2 Nc1 30. Ne4 Nd3 31. Rc2 Re8 32. h3 Re7 33. Rd2 Rd7 34. Kh2
Bb7 35. Nd6 Ba6 36. Kg3 f6 37. Ne4 Re7 38. Rc2 Bb7 39. Nf2 Nxe5 40. Nxe5 Rxe5
41. e4 h5 1/2-1/2

[Event "Druzynowe Mistrzostwa Polski - Ekstraliga 2023"]
[Site "Lublin"]
[Date "1899-12-30"]
[Round "9.19"]
[White "Bluebaum, Matthias"]
[Black "Bjerre, Jonas Buhl"]
[Result "1/2-1/2"]
[WhiteTitle "GM"]
[BlackTitle "GM"]
[WhiteElo "2670"]
[BlackElo "2627"]

1. d4 Nf6 2. c4 e6 3. Nf3 d5 4. Nc3 Nbd7 5. Qc2 dxc4 6. e4 c5 7. dxc5 Bxc5 8. Bxc4
a6 9. O-O Qc7 10. Qe2 Bd6 11. Bb3 b5 12. Bg5 O-O 13. Rac1 Qb8 14. Rfd1 Bb7 15.
a3 h6 16. Bh4 Bf4 17. Bg3 Bxg3 18. hxg3 Ne5 19. Nxe5 Qxe5 20. f4 Qh5 21. Qxh5
Nxh5 22. Rd3 g5 23. Bd1 Nf6 24. e5 1/2-1/2

[Event "Druzynowe Mistrzostwa Polski - Ekstraliga 2023"]
[Site "Lublin"]
[Date "1899-12-30"]
[Round "9.20"]
[White "Andersen, Mads"]
[Black "Donchenko, Alexander"]
[Result "1/2-1/2"]
[WhiteTitle "GM"]
[BlackTitle "GM"]
[WhiteElo "2614"]
[BlackElo "2679"]

1. e4 c5 2. c3 Nf6 3. e5 Nd5 4. Nf3 Nc6 5. Bc4 Nb6 6. Bb3 c4 7. Bc2 d5 8. exd6
Qxd6 9. O-O Bg4 10. h3 Bh5 11. Re1 O-O-O 12. b3 Qf6 13. Be4 Ne5 14. g4 Nxf3+ 15.
Qxf3 Qxf3 16. Bxf3 Bg6 17. Na3 e6 18. Nxc4 Nxc4 19. bxc4 Bd3 20. a4 Bd6 21. a5
Bxc4 22. d4 Rd7 23. Kg2 Kb8 24. Ba3 Rc8 25. Bxd6+ Rxd6 26. Ra3 Bd5 27. Bxd5 Rxd5
28. Rb1 e5 29. Rab3 Rc7 30. Rb5 Rxb5 31. Rxb5 exd4 32. cxd4 Rd7 33. Rb4 Rd5 34.
Ra4 Rb5 35. h4 f5 36. f3 Kc7 37. Kg3 fxg4 38. fxg4 Kd6 39. Kf4 Kd5 40. h5 Rb1
41. Kf5 Rb3 42. g5 Rb1 43. Ra2 Rf1+ 44. Kg4 g6 45. Rb2 Rf7 46. Rb4 Ke4 47. Kh4
Rc7 48. Kg4 Rd7 49. Kh4 Kf4 50. Rb1 Ke3 51. Kg3 Rd5 52. hxg6 hxg6 53. Rxb7 Rxg5+
54. Kh2 Rh5+ 55. Kg3 Rg5+ 56. Kh2 a6 57. Rb6 Rh5+ 58. Kg3 Rg5+ 59. Kh2 Rxa5 60.
d5 Kf3 61. Rf6+ Ke4 62. d6 Rh5+ 63. Kg3 Rh7 64. d7 Rxd7 65. Rxa6 Ke5 66. Kg4 Rd6
67. Rxd6 Kxd6 68. Kg5 Ke5 69. Kxg6 1/2-1/2

[Event "Druzynowe Mistrzostwa Polski - Ekstraliga 2023"]
[Site "Lublin"]
[Date "1899-12-30"]
[Round "9.21"]
[White "Huschenbeth, Niclas"]
[Black "Nasuta, Grzegorz"]
[Result "1-0"]
[WhiteTitle "GM"]
[BlackTitle "GM"]
[WhiteElo "2607"]
[BlackElo "2579"]

1. e4 e5 2. Nf3 Nc6 3. Bc4 Nf6 4. Ng5 d5 5. exd5 Na5 6. Bb5+ c6 7. dxc6 bxc6 8.
Bd3 Nd5 9. Nf3 Bd6 10. O-O O-O 11. Re1 f5 12. Nxe5 Qf6 13. Nf3 g5 14. c4 Nf4 15.
Bf1 g4 16. c5 Bc7 17. d4 gxf3 18. Bxf4 Bxf4 19. Qxf3 Qxd4 20. Na3 Bg5 21. Rad1
Qxc5 22. h4 Bf6 23. Qf4 Bxb2 24. Nc4 Nxc4 25. Bxc4+ Kh8 26. Rd6 Ba6 27. Bxa6 Rad8
28. Rxd8 Rxd8 29. h5 Qa5 30. Re2 Qxa6 31. Rxb2 Qd3 32. Qe5+ Kg8 33. Rb3 Qd1+ 34.
Kh2 Qd6 35. Rg3+ Kf8 36. Qxf5+ Ke8 37. f4 1-0

[Event "Druzynowe Mistrzostwa Polski - Ekstraliga 2023"]
[Site "Lublin"]
[Date "1899-12-30"]
[Round "9.22"]
[White "Kempinski, Robert"]
[Black "Fedorchuk, Sergey A."]
[Result "1/2-1/2"]
[WhiteTitle "GM"]
[BlackTitle "GM"]
[WhiteElo "2550"]
[BlackElo "2578"]

1. Nf3 Nf6 2. c4 b6 3. g3 c5 4. Bg2 Bb7 5. O-O g6 6. d4 cxd4 7. Qxd4 Bg7 8. Nc3
d6 9. b3 Nbd7 10. Bb2 O-O 11. Ne1 Rb8 12. Qd2 1/2-1/2

[Event "Druzynowe Mistrzostwa Polski - Ekstraliga 2023"]
[Site "Lublin"]
[Date "1899-12-30"]
[Round "9.23"]
[White "Krzyzanowski, Marcin"]
[Black "Bobras, Piotr"]
[Result "1/2-1/2"]
[WhiteTitle "GM"]
[BlackTitle "GM"]
[WhiteElo "2512"]
[BlackElo "2463"]

1. e4 c5 2. Nf3 Nc6 3. Bb5 Nf6 4. Nc3 Qc7 5. O-O Nd4 6. Re1 e5 7. d3 Be7 8. Bg5
Nxb5 9. Nxb5 Qc6 10. c4 d6 11. Nh4 g6 12. Qf3 Bg4 13. Qg3 Be6 14. Qf3 Bg4 15.
Qg3 Be6 16. Qf3 1/2-1/2

[Event "Druzynowe Mistrzostwa Polski - Ekstraliga 2023"]
[Site "Lublin"]
[Date "1899-12-30"]
[Round "9.24"]
[White "Cyfka, Karina"]
[Black "Wagner, Dinara"]
[Result "1/2-1/2"]
[WhiteTitle "IM"]
[BlackTitle "WGM"]
[WhiteElo "2351"]
[BlackElo "2468"]

1. d4 Nf6 2. c4 e6 3. Nf3 d5 4. Nc3 dxc4 5. e4 Bb4 6. Bxc4 Nxe4 7. O-O Nf6 8. Qa4+
Nc6 9. Ne5 a5 10. Nxc6 bxc6 11. Qxc6+ Bd7 12. Qf3 O-O 13. Bf4 a4 14. Rac1 Rb8
15. b3 axb3 16. Bxb3 Bd6 17. Be5 Rb6 18. Ne4 Nxe4 19. Qxe4 Qa8 1/2-1/2

[Event "Druzynowe Mistrzostwa Polski - Ekstraliga 2023"]
[Site "Lublin"]
[Date "1899-12-30"]
[Round "9.25"]
[White "Ivanchuk, Vasyl"]
[Black "Volokitin, Andrei"]
[Result "1/2-1/2"]
[WhiteTitle "GM"]
[BlackTitle "GM"]
[WhiteElo "2664"]
[BlackElo "2659"]

1. d4 Nf6 2. c4 e6 3. Nf3 d5 4. Nc3 Bb4 5. e3 O-O 6. Bd3 c5 7. O-O dxc4 8. Bxc4
Nc6 9. dxc5 Bxc5 10. b3 b6 11. Bb2 Qxd1 12. Rfxd1 Bb7 13. Be2 Rfd8 14. Nd2 Ne5
15. Nb5 Nd3 16. Bxf6 gxf6 17. Bf3 Rab8 18. Bxb7 1/2-1/2

[Event "Druzynowe Mistrzostwa Polski - Ekstraliga 2023"]
[Site "Lublin"]
[Date "1899-12-30"]
[Round "9.26"]
[White "Lagarde, Maxime"]
[Black "Oleksiyenko, Mykhaylo"]
[Result "1-0"]
[WhiteTitle "GM"]
[BlackTitle "GM"]
[WhiteElo "2607"]
[BlackElo "2587"]

1. Nf3 d5 2. g3 g6 3. Bg2 Bg7 4. d4 Nf6 5. O-O O-O 6. c4 c6 7. a4 a5 8. Na3 e6
9. Qb3 Nbd7 10. Bf4 Ne4 11. h4 h6 12. Qe3 Kh7 13. Ne5 Nxe5 14. dxe5 f5 15. exf6
Nxf6 16. Bf3 d4 17. Qd3 Ng8 18. h5 e5 19. Qxg6+ Kh8 20. Be4 Nf6 21. Bxe5 Qe8 22.
Bxf6 Qxg6 23. Bxg6 Bxf6 24. Nc2 Be6 25. b3 Bg4 26. f3 d3 27. Bxd3 Bxa1 28. Nxa1
Bxh5 29. g4 Bf7 30. Kf2 Kg7 31. Nc2 Rad8 32. Ne3 Bg6 33. Nf5+ Kf6 34. f4 Rxd3
35. exd3 Bxf5 36. gxf5 Rd8 37. Ke3 Re8+ 38. Kf3 Rd8 39. Rd1 c5 40. Rh1 Rxd3+ 41.
Ke4 Rd4+ 42. Ke3 Kg7 43. Rg1+ Kf6 44. Rh1 Kg7 45. Rh5 b6 46. f6+ Kg6 47. f7 Rd8
48. Rd5 Rh8 49. Rd6+ Kxf7 50. Rxb6 h5 51. Kf2 h4 52. Rb5 h3 53. Kg1 h2+ 54. Kh1
Rh3 55. Rxc5 Rxb3 56. Rxa5 Rf3 57. f5 Rf2 58. Rb5 Kf6 59. a5 Ra2 60. c5 Rc2 61.
c6 Kg5 62. a6 Rxc6 63. Ra5 Rc8 64. a7 Ra8 65. Kxh2 Kh5 66. Kg3 Kg5 67. Kf3 Kf6
68. Ke4 1-0

[Event "Druzynowe Mistrzostwa Polski - Ekstraliga 2023"]
[Site "Lublin"]
[Date "1899-12-30"]
[Round "9.27"]
[White "Galperin, Platon"]
[Black "Zilka, Stepan"]
[Result "1/2-1/2"]
[WhiteTitle "GM"]
[BlackTitle "GM"]
[WhiteElo "2571"]
[BlackElo "2600"]

1. Nf3 Nf6 2. d4 d5 3. Bf4 e6 4. e3 Bd6 5. Ne5 O-O 6. Nd2 c5 7. c3 Nc6 8. Bd3 Qc7
9. Ndf3 h6 10. g4 Nd7 11. g5 cxd4 12. gxh6 Ndxe5 13. Nxe5 Nxe5 14. Bh7+ Kxh7 15.
hxg7 Kxg7 16. Bxe5+ Bxe5 17. Qg4+ Kf6 18. Qh4+ Kf5 19. Rg1 Bf4 20. Qg4+ Kf6 21.
Qh4+ Kf5 22. Qg4+ 1/2-1/2

[Event "Druzynowe Mistrzostwa Polski - Ekstraliga 2023"]
[Site "Lublin"]
[Date "1899-12-30"]
[Round "9.28"]
[White "Moranda, Wojciech"]
[Black "Samunenkov, Ihor"]
[Result "1/2-1/2"]
[WhiteTitle "GM"]
[BlackTitle "IM"]
[WhiteElo "2561"]
[BlackElo "2517"]

1. d4 d5 2. c4 e6 3. Nf3 Nf6 4. Nc3 a6 5. c5 b6 6. cxb6 c5 7. Bf4 Bd6 8. Bxd6 Qxd6
9. dxc5 Qxc5 10. Qd4 Qd6 11. e4 Nc6 12. Qe3 d4 13. e5 Qb4 14. Nxd4 Nxd4 15. O-O-O
Nf5 16. Qf3 Nd5 17. Nxd5 exd5 18. Qxd5 O-O 19. Qxa8 Ne3 20. fxe3 Qc5+ 21. Kd2
Qb4+ 22. Kc1 Qc5+ 23. Kb1 Bf5+ 24. Bd3 Rxa8 25. b7 Rb8 26. Bxf5 Qxe5 27. Bc8 Qe8
28. Rd4 g6 29. e4 Rxc8 30. bxc8=Q Qxc8 31. a3 Qg4 32. g3 Qe2 33. e5 Qxe5 34. Rhd1
Kg7 35. Ka2 Qe6+ 36. b3 h5 37. R1d2 a5 38. a4 Qe3 39. Rd7 1/2-1/2

[Event "Druzynowe Mistrzostwa Polski - Ekstraliga 2023"]
[Site "Lublin"]
[Date "1899-12-30"]
[Round "9.29"]
[White "Kosakowski, Jakub"]
[Black "Plat, Vojtech"]
[Result "1/2-1/2"]
[WhiteTitle "IM"]
[BlackTitle "GM"]
[WhiteElo "2494"]
[BlackElo "2476"]

1. e4 d6 2. d4 Nf6 3. Nc3 e5 4. dxe5 dxe5 5. Qxd8+ Kxd8 6. Bc4 Bb4 7. Bxf7 Ke7
8. Bb3 Nxe4 9. Nge2 Be6 10. O-O Nxc3 11. bxc3 Bd6 12. Ng3 Nd7 13. Bg5+ Nf6 14.
f4 Bxb3 15. axb3 Kf7 16. Bxf6 gxf6 17. f5 h5 18. Ne4 h4 19. Rfd1 Rhd8 20. Rd3
a5 21. Rh3 Rh8 22. Rd3 Rhd8 23. Rh3 Rh8 24. Rd1 Be7 25. Rd7 a4 26. bxa4 Rxa4 27.
Nd2 Rd8 28. Rxd8 Bxd8 29. c4 Ra2 30. Rxh4 Rxc2 31. Ne4 Be7 32. Rg4 c6 33. h4 b5
34. cxb5 cxb5 35. h5 Rc8 36. h6 Rg8 37. Rh4 b4 38. Rh3 Rb8 39. h7 Kg7 40. g4 Kh8
41. Rb3 Kxh7 42. Kf2 Kg7 43. Ke2 Rh8 44. g5 Rh2+ 45. Kd3 fxg5 46. f6+ Bxf6 47.
Rxb4 Rh3+ 48. Ke2 Rh4 49. Ke3 Rf4 50. Rb7+ Kg6 51. Rb6 g4 52. Ra6 Kf7 53. Ra7+
Be7 54. Ra6 Bh4 55. Ra7+ Kg6 56. Ra6+ Kh5 57. Re6 Rf3+ 58. Ke2 Rf5 59. Re8 Rf4
60. Rxe5+ Kg6 61. Re8 Kf7 62. Nd6+ Kg7 63. Re4 Rxe4+ 64. Nxe4 Kg6 65. Kf1 Kf5
66. Nf2 Bxf2 67. Kxf2 Kf4 68. Kg2 g3 69. Kg1 Kf3 70. Kf1 g2+ 71. Kg1 Kg3 1/2-1/2

[Event "Druzynowe Mistrzostwa Polski - Ekstraliga 2023"]
[Site "Lublin"]
[Date "1899-12-30"]
[Round "9.30"]
[White "Javakhishvili, Lela"]
[Black "Maltsevskaya, Aleksandra"]
[Result "1/2-1/2"]
[WhiteTitle "IM"]
[BlackTitle "IM"]
[WhiteElo "2446"]
[BlackElo "2386"]

1. d4 d5 2. c4 dxc4 3. e3 e6 4. Bxc4 c5 5. Nf3 cxd4 6. exd4 Bd6 7. O-O Ne7 8. Nc3
h6 9. Re1 O-O 10. Bb3 Nd7 11. Ne4 Bb4 12. Re2 Nd5 13. a3 Be7 14. Qd3 b6 15. Bc2
N7f6 16. Ne5 Bb7 17. Qg3 Nxe4 18. Rxe4 Bg5 19. Rg4 f5 20. Bxg5 Qc7 21. Rh4 hxg5
22. Qxg5 Rf6 23. Bd3 Rc8 24. Re1 b5 25. Be2 Qe7 26. Bxb5 Rh6 27. Qxe7 Nxe7 28.
Rxh6 gxh6 29. Bd7 Rc2 30. Bxe6+ Kg7 31. Nd3 Rd2 32. Bc4 Nc6 33. b4 Nxd4 34. Nc5
Ba8 35. h3 f4 36. Re7+ Kg6 37. Bd3+ Kf6 38. Re1 Ra2 39. a4 f3 40. Ne4+ Kg7 41.
a5 Ne2+ 42. Kh2 Nf4 43. Bb1 Re2 44. Rg1 fxg2 45. f3 Rb2 46. Nc5 Bxf3 47. Nd3 Nxd3
48. Bxd3 Rxb4 49. Bf1 Rb2 50. Bxg2 Kf6 51. Kg3 Be2 52. Rc1 Rb3+ 53. Kf2 Bb5 54.
Bf1 Rb2+ 55. Kg3 Rb3+ 56. Kf2 Bxf1 57. Kxf1 Rxh3 58. Rc7 Ra3 59. Rxa7 Kg5 60.
a6 Kh4 61. Ra8 h5 62. a7 Rf3+ 63. Kg2 Rg3+ 64. Kh2 Rg7 65. Rb8 1/2-1/2